Нормален изглед
MARC изглед
- Бакърджиев, Тодор Анастасов
Вход 01. Лично име
001 - Контролен номер на записа
- Контролно поле: 261637
003 - Код на организацията, даваща контролен номер
- Контролно поле: BLK
005 - Дата и час на последна промяна на записа
- Контролно поле: 20240228130007.0
008 - Данни с фиксирана дължина – обща информация
- Данни с фиксирана дължина : 180420|| aca||aabn | a|a d
100 ## - ИМЕ НА ЛИЦЕ -ПЪРВИЧНА ИНТЕЛЕКТУАЛНА ОТГОВОРНОСТ
- Лично име: Бакърджиев, Тодор Анастасов
- Дати, свързани с автора: 1942-
- Друга информация: Филолог. Историк. Публицист, сатирик, автор на афоризми.
942 ## - Системна служебна употреба
- Koha auth type: PERSO_NAME